| 000 | 00970cam a2200301 4500 | ||
|---|---|---|---|
| 001 | WS114602 | ||
| 008 | 010917n 000 0 eng u | ||
| 035 | _a(Sirsi) u114602 | ||
| 110 |
_aWorld Resources Institute _94132 |
||
| 245 | _aEarthtrends | ||
| 520 | _aWeb site describing itself as ' the environmental information portal'. On a variety of environment topics it gives country profiles, maps, data tables and feature articles. | ||
| 650 | _aINTERNATIONAL | ||
| 650 | _aCOASTS | ||
| 650 | _aECOSYSTEMS | ||
| 650 | _aPROPERTY-RURAL AND NATURAL ASSETS-WATER RESOURCES | ||
| 650 | _aCLIMATE | ||
| 650 | _aPOPULATION | ||
| 650 | _aHEALTH | ||
| 650 | _aECONOMICS | ||
| 650 |
_aENERGY _96237 |
||
| 650 | _aBIODIVERSITY | ||
| 650 | _aAGRICULTURE | ||
| 650 | _aFORESTS | ||
| 650 | _aGRASSLANDS | ||
| 690 |
_aEnvironment _96238 |
||
| 856 | 4 | 0 |
_uhttps://www.earthtrends.wri.org _zView the website free of charge at www.earthtrends.wri.org... |
| 942 | _n0 | ||
| 999 |
_c119883 _d119883 |
||